00621nam a2200181Ia 4500008004100000041000800041082002000049100001300069245004000082250001200122260002800134300000800162365001600170700003500186906003400221999001900255952016500274230718s9999 xx 000 0 und d aeng a621.3815'3bLEA aLeach D. aDigital Principles And Applications a6th ed. c2009bTata Mc-Graw Hill a683 cRs.b300.00 aLeach D.; Malvino A. & Saha G. dB:733614-Jan-2009cETC b1800 c320847d320847 00104070aCCEPbCCEPd2009-03-04eTbsfETC g240.00i7336l2o621.3815'3pCCEP-BK-32054r2024-11-25 00:00:00s2024-11-12t1800v300.00w2009-01-14yBKz032054